Statistics for Australian Football League Clubs by Badge

Click here to take the quiz!

General Stats

  • This quiz has been taken 22 times
  • The average score is 16 of 18

Answer Stats

Answer% Correct
Sydney Swans
100%
Brisbane Lions
94%
Collingwood Magpies
94%
Geelong Cats
94%
Gold Coast Suns
94%
Western Bulldogs
94%
Adelaide Crows
88%
Carlton Blues
88%
Essendon Bombers
88%
Fremantle Dockers
88%
Greater Western Sydney Giants
88%
Hawthorn Hawks
88%
Melbourne Demons
88%
North Melbourne Kangaroos
88%
Port Adelaide Power
88%
Richmond Tigers
88%
St Kilda Saints
88%
West Coast Eagles
81%

Score Distribution

Percentile by Number Answered

Percent of People with Each Score

Your Score History

You have not taken this quiz